Theology of the Old Testament (Record no. 22898)

MARC details
000 -LEADER
fixed length control field 00443cam a2200169 i 4500
020 ## - INTERNATIONAL STANDARD BOOK NUMBER
ISBN 028102927X :
-- 0281029288
082 00 - DEWEY DECIMAL CLASSIFICATION NUMBER
Classification number 230
Author Cutter HIN
100 1# - MAIN ENTRY--AUTHOR NAME
Author name Hinson, David Francis.
245 10 - TITLE STATEMENT
Title Theology of the Old Testament
260 ## - PUBLICATION, DISTRIBUTION, ETC. (IMPRINT)
Place of publication Delhi
Name of publisher ISPCK
Year of publication 2019
300 ## - PHYSICAL DESCRIPTION
Number of Pages 212
Other physical details ill. ;
490 0# - SERIES STATEMENT
Series statement His Old Testament introduction ;
500 ## - GENERAL NOTE
General note Includes index.
650 ## - SUBJECT ADDED ENTRY--TOPICAL TERM
Topical Term Bible. -- Old Testament -- Theology.
942 ## - ADDED ENTRY ELEMENTS (KOHA)
Koha item type Books
Holdings
Home library Current library Shelving location Date acquired Source of acquisition Cost, normal purchase price Full call number Accession Number Koha item type
Henry Martyn Institute Library Henry Martyn Institute Library General stacks 06/04/2020 ISPCK 125.00 230 HIN 11004270 Books
Henry Martyn Institute Library Henry Martyn Institute Library General stacks 06/04/2020 ISPCK 125.00 230 HIN 11004271 Books
                   Copyright © 2026 | Henry Martyn Institute | Hyderabad | TS-500052 | INDIA | Implemented by hmi.edu.in
Hit-Count:

Powered by Koha